|
|
|
|
| LEADER |
00000ntmaa2200000 a 4500 |
| 001 |
vtls011712593 |
| 003 |
SK-MaSNL |
| 005 |
20260302020234.0 |
| 008 |
230802s1863 xx a || 000n1 lat |
| 035 |
|
|
|a urn:nbn:sk:snk-tm00cl5z
|
| 035 |
|
|
|a urn:nbn:sk:snk-tm3n2ni
|
| 035 |
|
|
|a 1DD81EF9-B2FD-4B9E-A0D7-1206767ACB69
|
| 040 |
|
|
|a SNKLA
|b slo
|c SNKLA
|e AACR2
|
| 041 |
0 |
|
|a lat
|
| 044 |
|
|
|a xx
|
| 072 |
|
7 |
|a 27-78
|x Kresťanské združenia, spolky a organizácie. Rehoľné rády
|2 konspekt
|
| 080 |
|
|
|a 27-534.35
|2 2011
|
| 080 |
|
|
|a 025.171
|2 2011
|
| 245 |
0 |
0 |
|a Quotidiana Pietatis Exercitia P. Chrysologi Szteszkal 1863
|
| 260 |
|
|
|a [Miesto vzniku nie je známe]
|c 1863
|
| 300 |
|
|
|a 86 nečíslovaných strán
|b rukopis, viazaný, ilustrácia
|c 16 cm
|
| 500 |
|
|
|a Na väzbe zlatotlač
|
| 500 |
|
|
|a Napísané čiernym a červeným atramentom
|
| 520 |
2 |
|
|a Každodenné cvičenia zbožnosti - modlitby Petra Chryzológa Szteszkala (Stejskala). Podľa obsahu ide o modlitby k františkánskym svätým
|
| 555 |
0 |
|
|a Inventár rukopisov Archívu literatúry a umenia Matice slovenskej. Rukopisy historických knižníc na Slovensku I. Martin : Matica slovenská 1992
|
| 610 |
2 |
7 |
|a Františkáni (Slovensko)
|b Mariánska provincia
|2 SNKLA
|9 353960
|
| 655 |
|
7 |
|a modlitby
|2 SNKPH
|9 70550
|
| 655 |
|
7 |
|a rukopisy
|2 SNKPH
|9 70548
|
| 700 |
1 |
|
|a Stejskal, Peter Chryzológ
|4 oth
|9 611186
|
| 852 |
|
|
|a Slovenská národná knižnica
|b Literárny archív
|
| 958 |
|
|
|a ZH
|
| 958 |
|
|
|a LAVD
|
| 999 |
|
|
|c 1024360
|d 1026290
|
| 952 |
|
|
|a SNKLA
|b SNKLA
|c SNKLA_DEP
|y NEVYP
|7 0
|p 17A1226354
|o snkRHKS 1077
|0 0
|1 0
|4 0
|d 2017-09-27
|f 1
|l 0
|r 2026-02-24 13:34:38
|w 2026-02-24
|